| 000 | 00332nam a22001457a 4500 | ||
|---|---|---|---|
| 003 | SGT | ||
| 082 |
_a617.6342 _bD24G |
||
| 100 | _aGhosh, Arijit | ||
| 245 | _aDigital Dental Photography | ||
| 260 |
_bSGT University _c2024 |
||
| 300 | _a61 | ||
| 650 | _aConservative Dentistry & Endodontics | ||
| 653 | _aMDS LD | ||
| 942 |
_2ddc _cTH |
||
| 999 |
_c27166 _d27166 |
||